00697 2200253 4500001002100000005001500021035002000036007000300056008004100059020002200100082000800122084001500130100002200145245008900167250001000256260004100266300003400307650001500341700002000356520003000376520001300406990001200419990001200431INLIS00000000000191920180424024623 a0010-0418000076ta180424 g 0 ind  a978-979-592-574-3 a920 a920 MUK b0 aMUKHLIS, Rahmanto1 aBiografi Intelektual Imam Al-Bukhari /cMukhlis Rahmanto; penyunting, Muhammad Yasir acet.1 aJakarta :bPustaka Al-Kautsar,c2011 axvi, 227 hlm :bilus ;c21 cm aALIM ULAMA0 aMUHAMMAD, Yasir abibliografi: hlm. 217-224 alampiran a16415 a a16415 b